MPA. Messen, prüfen, automatisieren / č. 7-8/ 2008

Uložené v:
Podrobná bibliografia
Médium: Elektronický zdroj
Jazyk:Slovak
German
Vydané: [Kaufering] : b-Quadrat Verlags GmbH & Co. KG, 2008.
Fyzický popis: 1 CD-ROM.
Tagy: Pridať tag
Žiadne tagy, Buďte prvý kto otaguje tento záznam!

MARC

LEADER 00000nmm a2200000 a 4500
001 000338921
003 SVKKK
005 20080918085557.0
008 080609s2008 xo slo#d
040 |a SVKKK  |b slo  |c SVKKK  |e AACR2 
041 0 |a ger 
080 |a 681.2  |2 2001 
245 0 0 |a MPA. Messen, prüfen, automatisieren /  |n č. 7-8/ 2008  |h elektronický zdroj 
260 |a [Kaufering] :  |b b-Quadrat Verlags GmbH & Co. KG,  |c 2008. 
300 |a 1 CD-ROM. 
500 |a Branchenführer 2008/2009 
538 |a Empfohlene Systemvoraussetzungen: für Windows Anwendung: Windows 9x/NT/ME/XP/2000/2003/Vista 
910 |a svkkk 
998 |a ER 
090 |g SCKHL  |k Konzultanti  |a CDC.2154  |j 1070  |i 2720461686  |s Príručka / Študovňa 
924 |a AVM